000 01301nam a2200301 c 4500
003 BLK
005 20180420222609.0
008 180408b bul|||||r ||||||| ||bul||
010 _aKNG00060476000
040 _aBLK
041 _aBUL
_cBUL
080 _aСоциална география. Икономическа география. География на туризма
_b338:91
_x(497.2)
_z338:91(497.2)
100 1 _aГенешки, Митко Стоев
_eпърви автор
_9254656
139 _aГенешки, Митко Стоев
_bГ 29
245 1 0 _aТериториалните общности в НР България
_bМоногр.
_cМитко Стоев Генешки.
257 _aBGR
260 София
_bУнив. изд. Св. Климент Охридски
_c1989
300 _a228 с.
_bс к., сх., диагр.
_c22 см
380 _a3
500 _a9 040 тир. - Библиогр. с. 221-222 ; Рез. на рус., англ. ез.
650 4 _aОбщини - организация и управление
_9244240
650 4 _aНародно стопанство - България
_9280973
852 _aЦб 156572
856 4 _qpdf
_u
856 4 _qpdf
_u
942 _cKNG
_n0
944 _aCR
_c13.06.2004
_kЧиталня
944 _aED
_c20.07.2017
_kТеодора_Стоянова
999 _c56494
_d56494